| 000 | 00917cam a22002655a 4500 | ||
|---|---|---|---|
| 001 | 3769223 | ||
| 005 | 20151119144643.0 | ||
| 008 | 830912t1985 njua frb 001 0 eng d | ||
| 020 | _a0135596092 | ||
| 020 | _a9780135596098 | ||
| 040 |
_aDLC _cDLC _dDLC _dEG-ScBUE _beng |
||
| 082 | 0 | 4 |
_a660.28423 _222 _bHIN |
| 100 | 1 |
_aHines, Anthony L. _938772 |
|
| 245 | 1 | 0 |
_aMass transfer : _bfundamentals and applications / _cAnthony L. Hines, Robert N. Maddox. |
| 260 |
_aUpper Saddle River : _bPrentice-Hall, _cc.1985. |
||
| 300 |
_axiii, 542 p. : _bill. ; _c24 cm. |
||
| 490 | 0 | _aPrentice-Hall international series in the physical and chemical engineering sciences | |
| 504 | _aIncludes bibliographies and indexes. | ||
| 650 | 7 |
_aMass transfer. _2BUEsh _937175 |
|
| 651 | _2BUEsh | ||
| 653 |
_bENGCHE _cNovember2015 |
||
| 655 |
_vReading book _934232 |
||
| 700 | 1 |
_aMaddox, Robert N. _q(Robert Nott), _d1925- |
|
| 942 | _2ddc | ||
| 999 |
_c21062 _d21034 |
||